000 00263nam a22001217a 4500
008 170928b xxu||||| |||| 00| 0 eng d
041 _aeng
080 _a37
100 _a47
101 _aEDU
245 _aCLASSROOM MANAGEMENT
_cOLEARY.K.D
942 _2udc
_cBK
999 _c30530
_d30530